THE CHILD INFANTS , CHILDREN AND ADOLESCENTS (Record no. 13545)

MARC details
000 -LEADER
fixed length control field 00415nam a22001697a 4500
003 - CONTROL NUMBER IDENTIFIER
control field OSt
005 - DATE AND TIME OF LATEST TRANSACTION
control field 20211020091527.0
008 - FIXED-LENGTH DATA ELEMENTS--GENERAL INFORMATION
fixed length control field 211020b |||||||| |||| 00| 0 eng d
020 ## - INTERNATIONAL STANDARD BOOK NUMBER
International Standard Book Number 1559346337
040 ## - CATALOGING SOURCE
Transcribing agency HU
082 ## - DEWEY DECIMAL CLASSIFICATION NUMBER
Classification number 305.231/COB
100 ## - MAIN ENTRY--PERSONAL NAME
Personal name NANCY J. COBB
9 (RLIN) 14433
245 ## - TITLE STATEMENT
Title THE CHILD INFANTS , CHILDREN AND ADOLESCENTS
260 ## - PUBLICATION, DISTRIBUTION, ETC.
Place of publication, distribution, etc. LONDON
Name of publisher, distributor, etc. MAYFIELD
Date of publication, distribution, etc. 2001
300 ## - PHYSICAL DESCRIPTION
Extent 613P
942 ## - ADDED ENTRY ELEMENTS (KOHA)
Source of classification or shelving scheme Dewey Decimal Classification
Koha item type Books like text book referance book
Suppress in OPAC No
Holdings
Withdrawn status Lost status Source of classification or shelving scheme Damaged status Not for loan Home library Current library Shelving location Date acquired Total Checkouts Full call number Barcode Date last seen Copy number Price effective from Koha item type
    Dewey Decimal Classification     Social Library Social Library General Stacks 10/20/2021   305.231/COB SHLIB00002144 10/20/2021 1 10/20/2021 Books like text book referance book
    Dewey Decimal Classification     Social Library Social Library General Stacks 10/20/2021   305.231/COB SHLIB00002143 10/20/2021 2 10/20/2021 Books like text book referance book